=LDR 00000nam 2200000 4500 =001 INLIS000000000036880 =990 ##$$a 21102155 =005 20200304104048 =990 ##$$a 90401/BPAP-NTB/2014 =035 ##$$a 0010-061300000036880 =990 ##$$a 92458/BPAP-NTB/2014 =008 200304###########################0###### =990 ##$$a 92460/BPAP-NTB/2014 =041 ##$$a Ind =990 ##$$a 0001/BPAP-NTB/20142014 =082 ##$$a 813 =090 ##$$a 813, Kha l =100 ##$$a Khalida, Pritha =245 1#$$a Love psycho-test, Pritha Khalida ; editor, A. Ariobimo Nusantara =260 ##$$a 2008 :$b Jakarta =300 ##$$a ix, 197 hlm, 20 cm =650 #4$$a Fiksi Indonesia =850 ##$$a NBPNMAT =990 ##$$a 21102155 =990 ##$$a 90401/BPAP-NTB/2014 =990 ##$$a 92458/BPAP-NTB/2014 =990 ##$$a 92460/BPAP-NTB/2014 =990 ##$$a 0001/BPAP-NTB/20142014 =990 ##$$a 0001/BPAP-NTB/20142014 =990 ##$$a 21102155 =990 ##$$a 90401/BPAP-NTB/2014 =990 ##$$a 92458/BPAP-NTB/2014 =990 ##$$a 92460/BPAP-NTB/2014